000 00613cab a2200229 4500
001 ABS56030
008 090401t1996 xxu||||| |||| 00| 0 eng d
035 _a(Sirsi) u20532
041 _aeng
100 _aCastle, R.
245 _aCommonhold revisited
260 _c1996
350 _a0
490 _aSolicitors` Journal
_v140(40) 25 October 1996, 1018-1019(2)
520 _aAnalyses proposals in the draft Commonhold Bill.
650 _aCOMMONHOLD BILL
650 _aCOMMONHOLD
650 _aFLYING FREEHOLDS
690 _aLANDLORD AND TENANT-LEASEHOLD REFORM
942 _n0
948 _c04/03/1997
999 _c13755
_d13755